| 000 | 00736nam a22002297a 4500 | ||
|---|---|---|---|
| 942 | _cBK | ||
| 999 |
_c482 _d482 |
||
| 005 | 20250420134812.0 | ||
| 008 | 200722b ||||| |||| 00| 0 eng d | ||
| 020 | _a9781118744123 | ||
| 040 | _cKCST | ||
| 082 |
_a519.5 _bMo Ap |
||
| 100 |
_aMontgomery, Douglas C _94658 |
||
| 245 |
_aApplied statistics and probability for engineers / _cDouglas C Montgomery; George C Runger |
||
| 250 |
_a6th ed. _bInt. student version |
||
| 260 |
_aHoboken, NJ : _bJohn Wiley & Sons, Inc., _c2014. |
||
| 300 | _a765 p. | ||
| 650 |
_aStatistics _xTextbooks. _94659 |
||
| 650 |
_aProbabilities _xTextbooks. _94660 |
||
| 650 |
_aEngineering _vStatistical methods _xTextbooks. _94661 |
||
| 700 |
_aRunger, George C _94662 |
||
| 942 | _2ddc | ||